| 000 | 00970cab a2200217 4500 | ||
|---|---|---|---|
| 001 | WB2902-24 | ||
| 008 | 090401t1993 xxu||||| |||| 00| 0 eng d | ||
| 035 | _a(Sirsi) u25490 | ||
| 041 | _aeng | ||
| 245 | _aCement cartel | ||
| 260 | _c1993 | ||
| 350 | _a0 | ||
| 490 |
_aFinancial Times _v12 January 1993, 14(1) |
||
| 520 | _aThe European Court of First Instance dismissed judicial review applications challenging the legality of EC competition procedure against the EC cement industry. It held that the applications were inadmissible as being premature. The procedural challenges were brought by four cement producers or national associations, SA Cimenteries CBR, Blue Circle Industries, Syndicat National des Fabricants de Ciments et de Chaux and Federation de l`Industrie Cimentiere. | ||
| 650 | _aBUILT ENVIRONMENT-BUILDING MATERIALS | ||
| 650 | _aCARTELS | ||
| 650 | _aCOMPETITION | ||
| 690 | _aEUROPE-SINGLE MARKET | ||
| 942 | _n0 | ||
| 948 | _c04/03/1997 | ||
| 999 |
_c17118 _d17118 |
||